header

World heritage site Olinda in Brazil (Record no. 246943)

MARC details
000 -LEADER
fixed length control field 01377nam a2200301Ia 4500
245 00 - TITLE STATEMENT
Title World heritage site Olinda in Brazil
260 ## - PUBLICATION, DISTRIBUTION, ETC. (IMPRINT)
Place of publication The Netherlands :
Name of publisher Published by IOS Press,
Year of publication 2006.
300 ## - PHYSICAL DESCRIPTION
Number of Pages vii, 261 p. :
Other physical details ill. (some col.)
650 #0 - SUBJECT ADDED ENTRY--TOPICAL TERM
Topical Term Historic buildings
Topical Term Cities and towns
700 1# - ADDED ENTRY--PERSONAL NAME
Personal name Meurs, Paul.
856 40 - ELECTRONIC LOCATION AND ACCESS
Uniform Resource Identifier http://site.ebrary.com/lib/rucke/Doc?id=10167407

No items available.

© 2026 Rongo University
Contact us: librarian | system librarian | Rongo university